000 00861nam a22001817a 4500
005 20250109103905.0
010 _aHIN-129191
020 _a9789384741020
_c300.00
035 _aHN-101537
037 _bDBAD
082 _a821
100 _aभारद्वाज, कौशल्या
_976161
245 _aअनन्त आनन्द /
_cकौशल्या भारद्वाज
260 _aनई दिल्ली
_bभारद्वाज पब्लिशिंग हाउस
_c2015
270 _a40 ए, सुभाष पार्क एक्स्टेंशन 2, बिंदापुर - मटियाला रोड, उतम नगर
_bनई दिल्ली
_e110059
_k9211251479
300 _a130पृ.
_c21सेमी (सजिल्द )
942 _2ddc
_cHN
_h821
_mभारद्वा
999 _c208183
_d208183